Statistics for Escapaditas

Click here to take the quiz!

General Stats

  • This quiz has been taken 5 times
  • The average score is 8 of 35

Answer Stats

HintAnswer% Correct
-con encanto
100%
-apartado
50%
-camping
50%
-campo
50%
-céntrico
50%
-concurrido
50%
-de fácil acceso
50%
-desértico
50%
-fondoso
50%
-precioso
50%
-relajante
50%
-remoto
50%
-solitario
50%
-sorprendiente
50%
-turístico
50%
-acantilado
0%
-acogedor
0%
-animado
0%
-balneario
0%
-bosque
0%
-cala
0%
-cueva
0%
-|cuidad
0%
-elegante
0%
-espectacular
0%
-inmenso
0%
-maravilloso
0%
-montaña
0%
-pintoresco
0%
-playa
0%
-pueblo
0%
-ruidoso
0%
-sendero
0%
-sierra
0%
-típico
0%

Score Distribution

Percentile by Number Answered

Percent of People with Each Score

Your Score History

You have not taken this quiz